Riešenie konfliktov medzi ochranou biodiverzity a ľudskými aktivitami - niektoré výsledky projektu BioForum

Biodiverzita v celosvetovom meradle. Negatívne dôsledky konfliktov. Klasifikácia konfliktov. Príčiny vzniku nových konfliktov. Spôsoby riešenia konfliktov. Charakteristika konfliktov typických pre krajiny strednej a východnej Európy.

Enregistré dans:
Détails bibliographiques
Auteur principal: Halada, Ľuboš
Format: Chapitre de livre
Langue:slovaque
Sujets:
Tags: Ajouter un tag
Pas de tags, Soyez le premier à ajouter un tag!

MARC

LEADER 00000naa$a2200000$$$4500
001 0054070
005 20230928075047.5
041 0 |a slo 
044 |a SK 
245 1 0 |a Riešenie konfliktov medzi ochranou biodiverzity a ľudskými aktivitami - niektoré výsledky projektu BioForum  |c Ľuboš Halada 
520 |a Biodiverzita v celosvetovom meradle. Negatívne dôsledky konfliktov. Klasifikácia konfliktov. Príčiny vzniku nových konfliktov. Spôsoby riešenia konfliktov. Charakteristika konfliktov typických pre krajiny strednej a východnej Európy. 
610 2 0 |a konflikty 
610 2 0 |a projekty 
610 2 0 |a kultúra 
610 2 0 |a ekológia krajiny 
610 2 0 |a Európa 
610 2 0 |a poľnohospodárstvo 
100 1 |a Halada, Ľuboš